000 00754cam a22002771 4500
001 sa 65008011
003 DLC
005 20260227112152.0
008 900212s1963 ii 000 0 sano
010 _asa 65008011
035 _a(OCoLC)21054268
040 _aDLC
_cWaU
_dDLC
041 0 _asanenghin
042 _apremarc
050 0 0 _aPK669
_b.V4
130 0 _aVedas.
_kSelections.
245 1 0 _aVaidikasūkta-mañjarī.
260 _c1963.
300 _a100 p.
_c19 cm.
440 0 _aVidyabhawan Sanskrit granthamala,
_v102
500 _aAdded t. p.: The Vedic sūkta maṅjarī.
500 _aEnglish, Hindi and Sanskrit.
650 0 _aSanskrit language
_xReaders.
700 1 _aSastri, Ramkrisna.
740 0 _aVedic sūkta maṅjarī.
999 _c65483
_d65483